[Event "COL-ch Superate Intercol U14"]
[Site "Barranquilla"]
[Date "2018.11.20"]
[Round "5.6"]
[White "Sierra Castillo, Elio De Jesus"]
[Black "Florez Rojas, Santiago"]
[Result "0-1"]
[WhiteElo "1572"]
[BlackElo "1743"]
[PlyCount "100"]
[EventDate "2018.11.19"]
[EventType "swiss"]
[EventRounds "7"]
[EventCountry "COL"]
[SourceTitle "EXT 2024"]
[Source "ChessBase"]
[SourceDate "2023.10.10"]
[SourceVersion "1"]
[SourceVersionDate "2023.10.10"]
[SourceQuality "1"]

1. e4 c5 2. Nf3 e6 3. d4 cxd4 4. Nxd4 Nf6 5. Nc3 Nc6 6. Nf3 Bb4 7. Bd2 d5 8. e5 Nd7 9. Bb5 Qc7 10. Qe2 a6 11. Bxc6 bxc6 12. a3 Bc5 13. b4 Bb6 14. 0-0 0-0 15. Rfe1 f6 16. exf6 Nxf6 17. Bg5 a5 18. b5 a4 19. Red1 Bd7 20. Ra2 Ba5 21. Nxa4 cxb5 22. Nb2 Ne4 23. Be3 Nc3 24. Qd3 Nxa2 25. Ng5 g6 26. Bd2 Bxd2 27. Rxd2 Qc3 28. Qxc3 Nxc3 29. Nd3 Rxa3 30. f3 h6 31. Nc5 Bc8 32. Ngxe6 Bxe6 33. Nxe6 Ra1+ 34. Kf2 Ne4+ 35. Ke2 Nxd2 36. Kxd2 Rc8 37. Nf4 g5 38. Ng6 Re8 39. f4 Kg7 40. Ne5 Rg1 41. g3 Rg2+ 42. Kd3 gxf4 43. gxf4 Rxh2 44. c3 h5 45. Kd4 Rd2+ 46. Kc5 Kf6 47. Nf3 Rd3 48. Nd4 Rxc3+ 49. Kxd5 Rd8+ 50. Ke4 Rc4 0-1